Statistics for Actinide Elements

Click here to take the quiz!

General Stats

  • This quiz has been taken 43 times
  • The average score is 13 of 15

Answer Stats

SymbolElement% Correct
AcActinium
100%
UUranium
96%
AmAmericium
92%
EsEinsteinium
92%
NpNeptunium
92%
NoNobelium
88%
PuPlutonium
88%
CfCalifornium
84%
ThThorium
84%
BkBerkelium
80%
FmFermium
80%
LrLawrencium
80%
MdMendelevium
80%
CmCurium
72%
PaProtactinium
68%

Score Distribution

Percentile by Number Answered

Percent of People with Each Score

Your Score History

You have not taken this quiz